| 000 | 00566nam a2200229 a 4500 | ||
|---|---|---|---|
| 999 |
_c5934 _d5934 |
||
| 001 | 5934 | ||
| 003 | BD-JhCC | ||
| 005 | 20171231193904.0 | ||
| 008 | 171230s1969 u |||| || | 001 0 eng d | ||
| 035 | _a(BD-JhCC)5934 | ||
| 040 |
_aBD-JhCC _dBD-JhCC |
||
| 041 | _aeng | ||
| 082 |
_a813.4 _bDIL 1969 |
||
| 100 | _aDillingham, William B. | ||
| 245 |
_aFrank Norris / _cWilliam B. Dillingham, |
||
| 260 |
_aBoston : _bHongkong Mifflin Company, |
||
| 300 |
_a179 p. : _c20 cm. |
||
| 504 | _aIncludes Index | ||
| 650 | _aarts | ||
| 942 |
_2ddc _cBK |
||